00613nam a2200193Ia 4500008004100000020001500041082002000056100002100076245004700097250000700144260003500151300002800186500001900214600002700233650001500260942000700275952012200282999001500404240925s9999 xx 000 0 und d a007114711X a620.0015113 ROS aRoss, Timothy J. 0aFuzzy Logic With Engineering Applications  aNA aNew York:bMcGraw-Hillc,1997. axiv,698p.bNAfOriginal aIncludes Index aElectronic Engineering aTechnology cBK 001040708ELaUITUbUITUd2008-02-14eS.B.Bg538.50l0o620.0015113 ROSpQ7348r2024-09-25 07:14:34w2024-09-25yBK c9847d9847